00541nam a2200133Ia 4500008004100000050002000041110002800061245006900089260006300158650004200221710003100263952009600294999001700390120630s9999 xx 000 0 und d aKGF409 U58 2011 aUniversidad Insurgentes aLineamientos generales para obtener la nocion de derecho civil I aMéxico : Universidad Insurgentes ; Plantel Cuautitlán aDerecho civil - estudio y enseñanza aUniversidad InsurgentesÌ 00104070a19b19d0000-00-00l0oKG409 U58 2011p19 001039r2013-09-19t1w2013-09-19yLB c78448d78448